000 00723nam a2200229 i 4500
001 C2-0268253
003 PPAK
005 20180727235224.0
008 060808s2004 my |||| ||||| | may d
040 _aPPAK
_beng
_cPPAK
_erda
082 0 4 _a349.595
_223
090 0 0 _a349.595
_bMAL
_dKAR
100 0 _aMalaysia Low Journal Sdn Bhd,
_eauthor
245 1 0 _aUndang - Undang Malaysia
_bPeraturan-Peraturan Pilihan Raya (Pengundian Pos) 2003
264 1 _aKuala Lumpur :
_bPesuruhjaya Penyemak Undang - Undang , Malaysia ,
_c2004
300 _a19 pages ;
_c25 cm
336 _2rdacontent
_atext
337 _2rdamedia
_aunmediated
338 _2rdacarrier
_avolume
650 1 0 _aMalaysia-Laws Of Malaysia
942 _ddc
_cB
999 _c77082
_d77082